Martyries apo tē Mikrasiatikē katastrophē /

Disimpan dalam:
Butiran Bibliografi
Pengarang Utama: Archigenēs, Dēmētrēs I.
Format: Buku
Bahasa:Greek
Diterbitkan: Athēna : Archigenēs, 1973.
Subjek-subjek:
Penanda-penanda: Tambah Penanda
Tiada Penanda, Jadilah orang pertama menanda rekod ini!
LEADER 00662nam a2200205Ia 4500
001 002479080-X
005 20020606093309.7
008 830121s1973 gr a 000 0dgreod
035 0 |a ocm09151331 
040 |a OUN  |c OUN  |d m/c  |d HLS 
043 |a e-gr---  |a a-tu--- 
090 |a DF845.57  |b .A73 1973x 
100 1 |a Archigenēs, Dēmētrēs I. 
245 1 0 |a Martyries apo tē Mikrasiatikē katastrophē /  |c Dēmētrē I. Archigenē. 
260 |a Athēna :  |b Archigenēs,  |c 1973. 
300 |a 157 p. :  |b ill. ;  |c 24 cm. 
650 0 |a Greco-Turkish War, 1921-1922  |x Sources. 
650 0 |a Greco-Turkish War, 1921-1922  |x Personal narratives, Greek. 
988 |a 20020608 
906 |0 OCLC